000 01217cam a22003014a 4500
999 _c7055
_d7055
001 12330897
003 OSt
005 20210831095157.0
008 010301s2001 gw a b 001 0 eng
010 _a 2001020620
020 _a3540672974 (alk. paper)
040 _aDLC
_cDDC
_dDLC
042 _apcc
050 0 0 _aQA76.618
_b.B49 2001
082 0 0 _a576.839BEY2001
100 1 _aBeyer, Hans-Georg,
_d1959-
_914525
245 1 4 _aThe theory of evolution strategies /
_cBeyer,Hans-Georg
_bNatural computing series
260 _aBerlin ;
_aNew York :
_bSpringer,
_cc2001.
300 _axix, 380 p. :
_bill. ;
_c24 cm.
440 0 _aNatural computing series
_914526
504 _aIncludes bibliographical references (p. [365]-372) and index.
650 0 _aEvolutionary programming (Computer science)
_914527
650 0 _aComputer
_9533
856 4 2 _3Publisher description
_uhttp://www.loc.gov/catdir/enhancements/fy0816/2001020620-d.html
906 _a7
_bcbc
_corignew
_d1
_eocip
_f20
_gy-gencatlg
942 _2ddc
_cO_SHELF